000 01612nam a2200193Ia 4500
008 240825s9999 xx 000 0 und d
020 _a9780749447670
_qpbk
041 _aeng
082 _a005.8
_bCAL
100 _aCalder, Alan
245 2 _aA Business Guide To Information Security
_c/ Alan Calder
260 _c2006
_aNew Delhi
_bAlan Calder
300 _avii, 182p.
_c23cm.
500 _a1st South Asian Edition 2006
504 _aindex
520 _aIn the information economy, data has huge value to individuals, businesses and villains alike. All organizations are threatened and vulnerable. A Business Guide to Information Security explains to directors and managers the vital issues from adware, hackers and phishing to spyware, viruses and zombies-facing organizations of every type and size, and helps them to take control of a subject that is critical to their survival. Full of clear, practical and straightforward advice, the author helps readers ensure that IT security is business-driven Information security is cost-effective Business data risks are managed Legal and regulatory compliance is assured About Author: Alan Calder, founder director of IT Governance Ltd, led one of the first organizations to achieve BS7799. His 30-year international management carrer, at CEO and director level in both the private and public sectors, has increasingly focused on the challange of making information security as simple and as natural as household security. He is the author of IT Governance and Corporate Governance (both published by Kogan Page).
650 _aManagement
942 _cENGLISH
999 _c540563
_d540563